<?xml version="1.0" encoding="UTF-8"?><?xml-stylesheet type="text/xsl" href="static/style.xsl"?><OAI-PMH xmlns="http://www.openarchives.org/OAI/2.0/" xmlns:xsi="http://www.w3.org/2001/XMLSchema-instance" xsi:schemaLocation="http://www.openarchives.org/OAI/2.0/ http://www.openarchives.org/OAI/2.0/OAI-PMH.xsd"><responseDate>2026-04-27T13:09:00Z</responseDate><request verb="GetRecord" identifier="oai:uvadoc.uva.es:10324/75559" metadataPrefix="marc">https://uvadoc.uva.es/oai/request</request><GetRecord><record><header><identifier>oai:uvadoc.uva.es:10324/75559</identifier><datestamp>2025-04-08T08:47:34Z</datestamp><setSpec>com_10324_38</setSpec><setSpec>col_10324_852</setSpec></header><metadata><record xmlns="http://www.loc.gov/MARC21/slim" xmlns:doc="http://www.lyncode.com/xoai" xmlns:xsi="http://www.w3.org/2001/XMLSchema-instance" xmlns:dcterms="http://purl.org/dc/terms/" xsi:schemaLocation="http://www.loc.gov/MARC21/slim http://www.loc.gov/standards/marcxml/schema/MARC21slim.xsd">
<leader>00925njm 22002777a 4500</leader>
<datafield tag="042" ind1=" " ind2=" ">
<subfield code="a">dc</subfield>
</datafield>
<datafield tag="720" ind1=" " ind2=" ">
<subfield code="a">Sebastián Martín, María</subfield>
<subfield code="e">author</subfield>
</datafield>
<datafield tag="260" ind1=" " ind2=" ">
<subfield code="c">2025</subfield>
</datafield>
<datafield tag="520" ind1=" " ind2=" ">
<subfield code="a">El siguiente trabajo de fin de grado (TFG) se basa en una propuesta de intervención educativa centrada en la orientación deportiva como actividad física en el medio natural en Educación Física (EFMN), diseñada para estudiantes de 5º de Primaria del CEIP Arcipreste de Hita en el pueblo de El Espinar (Segovia). La situación de aprendizaje está compuesta por seis sesiones (implementadas tres de ellas con dos de los grupos) en la que los estudiantes participan en actividades de orientación utilizando mapas y superando retos (individuales y grupales) en espacios como el aula, el patio del colegio y un parque cercano. La metodología emplea el aprendizaje cooperativo y la partición activa para lograr un aprendizaje significativo. En los resultados se observa que los alumnos mejoraron su capacidad de trabajo en equipo y de toma de decisiones, aunque surgieron algunos desafíos como la competitividad y las dificultades en la interpretación de los mapas. Esta experiencia demuestra que la orientación deportiva es una herramienta eficaz para enriquecer el proceso educativo y fomentar valores necesarios para el desarrollo integral de los niñas y niñas y pone de manifiesto la relevancia de los conocimientos y actividades previas para desarrollar las habilidades fundamentales para el uso de mapas de orientación en entornos naturales.</subfield>
</datafield>
<datafield tag="024" ind2=" " ind1="8">
<subfield code="a">https://uvadoc.uva.es/handle/10324/75559</subfield>
</datafield>
<datafield ind1=" " ind2=" " tag="653">
<subfield code="a">Educación física</subfield>
</datafield>
<datafield tag="245" ind1="0" ind2="0">
<subfield code="a">La orientación en la escuela. Una situación de aprendizaje en El Espinar (Segovia)</subfield>
</datafield>
</record></metadata></record></GetRecord></OAI-PMH>